<?xml version="1.0" encoding="UTF-8"?>
<marc:record xmlns:marc="http://www.loc.gov/MARC21/slim">
   <marc:leader>00000nam a2200000 a 4500</marc:leader>
   <marc:datafield ind1="1" ind2=" " tag="100">
      <marc:subfield code="a">Faldbakken, Matias</marc:subfield>
      <marc:subfield code="4">aut</marc:subfield>
      <marc:subfield code="e">Verfasser/-in</marc:subfield>
   </marc:datafield>
   <marc:datafield ind1="0" ind2="0" tag="245">
      <marc:subfield code="a">The Hills</marc:subfield>
   </marc:datafield>
   <marc:datafield ind1="0" ind2="0" tag="245">
      <marc:subfield code="b">Roman</marc:subfield>
   </marc:datafield>
   <marc:datafield ind1="0" ind2="0" tag="245">
      <marc:subfield code="c">Matias Faldbakken</marc:subfield>
   </marc:datafield>
   <marc:datafield ind1=" " ind2="1" tag="264">
      <marc:subfield code="a">München</marc:subfield>
      <marc:subfield code="b">Wilhelm Heyne Verlag</marc:subfield>
      <marc:subfield code="c">2018</marc:subfield>
   </marc:datafield>
   <marc:datafield ind1="1" ind2=" " tag="520">
      <marc:subfield code="a">Angaben aus der Verlagsmeldung

The Hills : Roman The Hills / von Matias Faldbakken

Was geschieht, wenn das Gleichgewicht aus den Fugen gerät? Dieser Frage widmet sich Matias Faldbakken in seinem neuen Roman. Den Rahmen bildet ein altmodisches Restaurant namens The Hills, dessen Ursprünge bis ins 19. Jahrhundert zurückreichen. Ein Pianist sorgt für ruhige Hintergrundmusik, die Einrichtung ist klassisch, gediegen. Der Leser wird in ein eigenes Universum eingeführt. Chef, Koch, Kellner: Die Hierarchien sind klar verteilt. Es herrscht eine Mischung aus strikten Routinen und hochsensiblen Umgangsformen. All das gerät ins Wanken, als eine unbekannte Frau ins Lokal kommt. Wer ist die Frau? Was will sie? Nicht nur der Kellner, sondern auch die Stammgäste geraten in Aufruhr.

</marc:subfield>
   </marc:datafield>
   <marc:datafield ind1=" " ind2=" " tag="020">
      <marc:subfield code="a">9783453271906</marc:subfield>
      <marc:subfield code="9">9783453271906</marc:subfield>
   </marc:datafield>
   <marc:datafield ind1=" " ind2=" " tag="020">
      <marc:subfield code="a">3453271904</marc:subfield>
      <marc:subfield code="9">3453271904</marc:subfield>
   </marc:datafield>
   <marc:datafield ind1=" " ind2=" " tag="041">
      <marc:subfield code="a">ger</marc:subfield>
   </marc:datafield>
   <marc:datafield ind1=" " ind2=" " tag="300">
      <marc:subfield code="a">240 Seiten</marc:subfield>
   </marc:datafield>
</marc:record>
